| 000 | 01212nab a22002417a 4500 | ||
|---|---|---|---|
| 999 |
_c5452 _d5452 |
||
| 003 | OSt | ||
| 005 | 20251023101605.0 | ||
| 008 | 190603e xxum|||| |||| 00| 0 spa d | ||
| 040 | _cPJ | ||
| 100 |
_96201 _aCruz Borrelli, Julián |
||
| 245 | 1 | 0 |
_aRegular no puede ser sucumbir al miedo : _b¿realmente es necesario en Argentina una regulación para la inteligencia artificial? / _cJulián Cruz Borrelli, María Carolina Abdelnabe Vila. |
| 260 |
_cCiudad Autónoma de Buenos Aires : _aThomson Reuters La Ley, _b2025. |
||
| 300 | _ap. 57-64 | ||
| 500 | _aCita Online: TR LALEY AR/DOC/551/2025. | ||
| 505 | _aSumario: I. Introducción.— II. La regulación europea.— III. La inteligencia artificial bajo la ley argentina.— IV. Consideraciones finales. | ||
| 505 | _t¿Te interesa el texto completo? Solicitalo al correo: koha@justierradelfuego.gov.ar | ||
| 650 | 0 |
_96081 _aCIENCIA Y TECNOLOGÍA |
|
| 650 | 0 |
_95817 _aINTELIGENCIA ARTIFICIAL |
|
| 650 | 0 |
_92 _aINFORMÁTICA |
|
| 700 |
_96226 _aAbdelnabe Vila, María Carolina _ecoautora |
||
| 773 | 0 |
_02713 _93170 _dCiudad Autónoma de Buenos Aires : Thomson Reuters La Ley, 2015- _tRevista Código Civil y Comercial. Nº 2 - Abril 2025 |
|
| 942 |
_2udc _cANA |
||